[Event "24. Acropolis 2009"]
[Site "Chalkida GRE"]
[Date "2009.08.14"]
[Round "5.6"]
[White "Gurevich, Mikhail"]
[Black "Halkias, Stelios"]
[Result "1/2-1/2"]
[WhiteElo "2618"]
[BlackElo "2564"]
[PlyCount "96"]
[EventDate "2009.08.10"]
[EventType "swiss"]
[EventRounds "9"]
[EventCountry "GRE"]
[Source "lmi"]
[SourceDate "2009.08.10"]

1. c4 e6 2. Nc3 Nf6 3. d4 Bb4 4. Qc2 d5 5. a3 Bxc3+ 6. Qxc3 Ne4 7. Qc2 c5 8.
cxd5 exd5 9. dxc5 Nc6 10. e3 Bf5 11. Bd3 O-O 12. Nf3 Qa5+ 13. b4 Nxb4 14. axb4
Qxa1 15. O-O Qf6 16. Bb2 Qe7 17. Bd4 a6 18. Qb2 f6 19. Ra1 Be6 20. Qc2 Qf7 21.
Bb2 a5 22. Nd4 axb4 23. Rxa8 Rxa8 24. f3 Nc3 25. Bxh7+ Kf8 26. Qb3 Bc8 27. Qxb4
Na4 28. Ba3 Qe7 29. e4 Nb6 30. Qc3 Nc4 31. Bb4 Ra4 32. Bf5 Bxf5 33. Nxf5 Qc7
34. exd5 Ne5 35. Nd4 Kg8 36. c6 bxc6 37. dxc6 Ra8 38. f4 Qb6 39. fxe5 fxe5 40.
Qb3+ Kh8 41. Qh3+ Kg8 42. Qe6+ Kh8 43. Qxe5 Qxb4 44. h3 Ra5 45. Qe8+ Kh7 46.
Qe4+ Kh8 47. Qe8+ Kh7 48. Qe4+ Kh8 1/2-1/2

[Event "24. Acropolis 2009"]
[Site "Chalkida GRE"]
[Date "2009.08.14"]
[Round "5.8"]
[White "Tukhaev, Adam"]
[Black "Gelashvili, Tamaz"]
[Result "1-0"]
[WhiteElo "2534"]
[BlackElo "2605"]
[PlyCount "71"]
[EventDate "2009.08.10"]
[EventType "swiss"]
[EventRounds "9"]
[EventCountry "GRE"]
[Source "lmi"]
[SourceDate "2009.08.10"]

1. e4 c5 2. Nf3 d6 3. d4 cxd4 4. Nxd4 Nf6 5. Nc3 g6 6. Be3 Bg7 7. f3 a6 8. Bc4
Nbd7 9. Qd2 b5 10. Bb3 Bb7 11. Bh6 Bxh6 12. Qxh6 Nc5 13. O-O-O e5 14. Nde2
Nxb3+ 15. axb3 b4 16. Na4 Rc8 17. Kb1 Qc7 18. Rd2 Bxe4 19. Nd4 exd4 20. fxe4
Nxe4 21. Re1 f5 22. Ka2 Kd8 23. Rxd4 Re8 24. Red1 a5 25. g4 Qf7 26. gxf5 Rxc2
27. Qf4 Qxf5 28. Rxe4 Qxe4 29. Qxd6+ Kc8 30. Qd7+ Kb8 31. Qb5+ Ka8 32. Nb6+ Kb8
33. Nc4+ Ka8 34. Rd7 Rxc4 35. bxc4 b3+ 36. Ka3 1-0

[Event "24. Acropolis 2009"]
[Site "Chalkida GRE"]
[Date "2009.08.14"]
[Round "5.9"]
[White "Banikas, Hristos"]
[Black "Romanishin, Oleg M"]
[Result "1-0"]
[WhiteElo "2598"]
[BlackElo "2503"]
[PlyCount "71"]
[EventDate "2009.08.10"]
[EventType "swiss"]
[EventRounds "9"]
[EventCountry "GRE"]
[Source "lmi"]
[SourceDate "2009.08.10"]

1. e4 e5 2. Nf3 Nc6 3. d4 exd4 4. Nxd4 Bc5 5. Be3 Qf6 6. c3 Qg6 7. Qf3 Bxd4 8.
cxd4 Nb4 9. Na3 d5 10. Nb5 Na6 11. exd5 Nf6 12. Bc4 O-O 13. Nc3 Bg4 14. Qg3 Nh5
15. Qh4 h6 16. h3 Bd7 17. g4 Nf6 18. O-O Nb4 19. Rad1 b5 20. Nxb5 Nfxd5 21. a3
Bxb5 22. Bxb5 Nxe3 23. fxe3 Nd5 24. Bd3 Qe6 25. Rde1 Rab8 26. Rf2 Rb6 27. g5
Qe7 28. Qe4 Qxg5+ 29. Kh1 g6 30. Bc4 Nf6 31. Qf3 Kg7 32. e4 Qh5 33. Qg3 Qg5 34.
Qxc7 Qh4 35. Qf4 Qxh3+ 36. Rh2 1-0

[Event "24. Acropolis 2009"]
[Site "Chalkida GRE"]
[Date "2009.08.14"]
[Round "5.10"]
[White "Mastrovasilis, Athanasios"]
[Black "Rozentalis, Eduardas"]
[Result "1/2-1/2"]
[WhiteElo "2503"]
[BlackElo "2588"]
[PlyCount "31"]
[EventDate "2009.08.10"]
[EventType "swiss"]
[EventRounds "9"]
[EventCountry "GRE"]
[Source "lmi"]
[SourceDate "2009.08.10"]

1. Nf3 Nf6 2. c4 b6 3. g3 Bb7 4. Bg2 e6 5. O-O Be7 6. Nc3 O-O 7. b3 d5 8. cxd5
exd5 9. d4 Nbd7 10. Bb2 Ne4 11. Rc1 Nxc3 12. Rxc3 Bd6 13. Qc1 Re8 14. Rc2 Qe7
15. Rd1 Nf6 16. Ne5 1/2-1/2

[Event "24. Acropolis 2009"]
[Site "Chalkida GRE"]
[Date "2009.08.14"]
[Round "5.13"]
[White "Svetushkin, Dmitry"]
[Black "Maric, Alisa"]
[Result "1-0"]
[WhiteElo "2607"]
[BlackElo "2407"]
[PlyCount "91"]
[EventDate "2009.08.10"]
[EventType "swiss"]
[EventRounds "9"]
[EventCountry "GRE"]
[Source "lmi"]
[SourceDate "2009.08.10"]

1. d4 Nf6 2. c4 e6 3. Nf3 b6 4. a3 Bb7 5. Nc3 d5 6. Bf4 Be7 7. e3 O-O 8. Qc2 c5
9. dxc5 bxc5 10. Be2 Nbd7 11. cxd5 exd5 12. Rd1 Qb6 13. O-O Rfd8 14. Rd2 h6 15.
Rfd1 a6 16. h3 Rac8 17. Ne5 Qe6 18. Nxd7 Qxd7 19. Be5 d4 20. exd4 cxd4 21. Rxd4
Qe6 22. Rxd8+ Bxd8 23. Bg3 Ba5 24. Bd3 Qc6 25. Bf1 Nd5 26. Be5 Qe6 27. Qb3 Nxc3
28. Qxe6 fxe6 29. Rd7 Rc5 30. Bd4 Rc7 31. Rxc7 Bxc7 32. Bxc3 Bb6 33. b4 Kf7 34.
Bd3 Ba7 35. Kf1 Bb6 36. g3 Bd8 37. Ke2 Bf6 38. Bxf6 Kxf6 39. Ke3 Ke5 40. f4+
Kd6 41. Kd4 Bc8 42. h4 Bb7 43. a4 Bc8 44. a5 Bb7 45. Be2 Bc8 46. b5 1-0

[Event "24. Acropolis 2009"]
[Site "Chalkida GRE"]
[Date "2009.08.14"]
[Round "5.14"]
[White "Georgiadis, Ioannis"]
[Black "Kolev, Atanas"]
[Result "1/2-1/2"]
[WhiteElo "2438"]
[BlackElo "2569"]
[PlyCount "65"]
[EventDate "2009.08.10"]
[EventType "swiss"]
[EventRounds "9"]
[EventCountry "GRE"]
[Source "lmi"]
[SourceDate "2009.08.10"]

1. e4 e5 2. Nf3 Nc6 3. Bb5 a6 4. Ba4 Nf6 5. Qe2 b5 6. Bb3 Be7 7. O-O O-O 8. c3
d5 9. d3 Bb7 10. Rd1 Re8 11. Nbd2 Bf8 12. exd5 Nxd5 13. Ne4 Qd7 14. a3 Nd8 15.
c4 Nf4 16. Bxf4 exf4 17. cxb5 axb5 18. Qc2 h6 19. Rac1 c5 20. Nxc5 Bxc5 21.
Qxc5 Bxf3 22. gxf3 Ne6 23. Qf5 Rad8 24. Re1 Qxd3 25. Qxd3 Rxd3 26. Rc3 Rxc3 27.
bxc3 Ra8 28. Bxe6 fxe6 29. Rxe6 Rc8 30. Kg2 Rxc3 31. Ra6 Kf7 32. a4 bxa4 33.
Rxa4 1/2-1/2

[Event "24. Acropolis 2009"]
[Site "Chalkida GRE"]
[Date "2009.08.14"]
[Round "5.15"]
[White "Gupta, Abhijeet"]
[Black "Stavrianakis, Ioannis"]
[Result "1-0"]
[WhiteElo "2565"]
[BlackElo "2240"]
[PlyCount "83"]
[EventDate "2009.08.10"]
[EventType "swiss"]
[EventRounds "9"]
[EventCountry "GRE"]
[Source "lmi"]
[SourceDate "2009.08.10"]

1. d4 d5 2. c4 e6 3. Nc3 Nf6 4. Nf3 Bb4 5. cxd5 exd5 6. Bg5 Nbd7 7. Rc1 c6 8.
a3 Bxc3+ 9. Rxc3 O-O 10. e3 h6 11. Bh4 Qe8 12. Bd3 Ne4 13. Rc2 Ndf6 14. O-O Bg4
15. Qc1 Bxf3 16. gxf3 Ng5 17. Bxg5 hxg5 18. Kh1 Qe7 19. Rg1 Nh7 20. b4 a6 21.
a4 Qxb4 22. Rb2 Qe7 23. Qb1 g6 24. Rxb7 Qf6 25. f4 Kh8 26. f5 Rg8 27. Rg3 gxf5
28. Bxf5 Nf8 29. Kg2 Rg7 30. Bd3 Ng6 31. Bxg6 Rxg6 32. Rf3 Qe6 33. Rfxf7 Re8
34. Qf5 Qxf5 35. Rxf5 Kg8 36. a5 Rc8 37. Rb6 Kg7 38. Rxa6 c5 39. Rxg6+ Kxg6 40.
Rxd5 c4 41. Rd6+ Kf5 42. Kf3 1-0

[Event "24. Acropolis 2009"]
[Site "Chalkida GRE"]
[Date "2009.08.14"]
[Round "5.16"]
[White "Dzagnidze, Nana"]
[Black "Gluckman, David"]
[Result "1-0"]
[WhiteElo "2536"]
[BlackElo "2275"]
[PlyCount "187"]
[EventDate "2009.08.10"]
[EventType "swiss"]
[EventRounds "9"]
[EventCountry "GRE"]
[Source "lmi"]
[SourceDate "2009.08.10"]

1. d4 e6 2. c4 f5 3. g3 Nf6 4. Bg2 d5 5. Nc3 c6 6. Nh3 Bd6 7. Bf4 Be7 8. O-O
O-O 9. Qc2 Ne4 10. Nxe4 fxe4 11. f3 exf3 12. Rxf3 Nd7 13. Raf1 Bf6 14. e3 Qe7
15. Bc7 dxc4 16. g4 Bh4 17. Rxf8+ Nxf8 18. Be5 Bd7 19. Qxc4 Ng6 20. Be4 Nxe5
21. dxe5 Be8 22. Qc2 g6 23. Kg2 Bf7 24. Ng1 Qg5 25. Rf4 Rd8 26. Nf3 Qe7 27. Bd3
Bg5 28. Re4 Bh6 29. b4 Bg7 30. Qc3 Rd7 31. Rd4 Rd5 32. Rf4 Qc7 33. Re4 a5 34.
a3 axb4 35. axb4 Qe7 36. Bc4 Rd8 37. Rf4 Bh6 38. Rf6 Bg7 39. Rf4 Bh6 40. Rd4
Rxd4 41. exd4 Bf8 42. b5 cxb5 43. Bxb5 Qb4 44. Qd3 Qb2+ 45. Kg3 Bb4 46. Bd7 Bc3
47. Qc4 Qb4 48. Qxb4 Bxb4 49. d5 exd5 50. e6 Bd6+ 51. Kf2 b6 52. Ke3 Bc5+ 53.
Kd3 Kf8 54. exf7 Kxf7 55. Bc8 h6 56. h3 Kf6 57. Bb7 Ke6 58. Nh4 Kf6 59. Bxd5 h5
60. Nf3 hxg4 61. hxg4 Bf2 62. Kc4 Be3 63. Kb5 Bf2 64. Bb7 Be3 65. Bc8 Bf2 66.
Nd2 Ke5 67. Nc4+ Kf4 68. Nxb6 Bg1 69. Kc6 Ke5 70. Nc4+ Kf6 71. Kd5 Ba7 72. Ke4
Bb8 73. Bd7 Bh2 74. Be8 Kg5 75. Kf3 Bb8 76. Ne3 Kf6 77. Nd5+ Kg7 78. Nf4 g5 79.
Nh5+ Kf8 80. Ba4 Ba7 81. Ke4 Kf7 82. Kf5 Be3 83. Ng3 Kg7 84. Ne4 Kh6 85. Nd6
Bc1 86. Nf7+ Kg7 87. Nxg5 Bb2 88. Ne6+ Kg8 89. g5 Ba1 90. Bb3 Bb2 91. g6 Ba1
92. Kg5 Bb2 93. Kh6 Bc1+ 94. Ng5+ 1-0

[Event "24. Acropolis 2009"]
[Site "Chalkida GRE"]
[Date "2009.08.14"]
[Round "5.17"]
[White "Papadopoulos, Ioannis K"]
[Black "Chirila, Ioan-Cristian"]
[Result "1/2-1/2"]
[WhiteElo "2450"]
[BlackElo "2526"]
[PlyCount "109"]
[EventDate "2009.08.10"]
[EventType "swiss"]
[EventRounds "9"]
[EventCountry "GRE"]
[Source "lmi"]
[SourceDate "2009.08.10"]

1. e4 e5 2. Nf3 Nc6 3. Bb5 a6 4. Bxc6 dxc6 5. O-O f6 6. d4 Bg4 7. dxe5 Qxd1 8.
Rxd1 fxe5 9. Nbd2 O-O-O 10. Re1 Bd6 11. Nc4 Bxf3 12. gxf3 Rf8 13. Kg2 Ne7 14.
Bg5 Ng6 15. h4 h6 16. h5 hxg5 17. hxg6 Rf6 18. Re2 g4 19. fxg4 Rxg6 20. Ne3 Bc5
21. Kg3 Rgh6 22. Nf1 Rh1 23. Kg2 R1h4 24. Kg3 Rh1 25. Kg2 Be7 26. Rd1 Bg5 27.
c3 R1h4 28. f3 Bf4 29. Rd3 a5 30. b4 Rh1 31. a3 b5 32. c4 bxc4 33. Rc3 axb4 34.
axb4 R1h6 35. Rxc4 Rd8 36. Rec2 Rd4 37. Rxc6 Rxc6 38. Rxc6 g5 39. b5 Rb4 40.
Rc2 Rxb5 41. Kf2 Rb3 42. Nd2 Rd3 43. Nc4 Kd7 44. Ke2 Rb3 45. Na5 Re3+ 46. Kf2
Ra3 47. Nc4 Rb3 48. Na5 Rb1 49. Ke2 Rb5 50. Nc4 c5 51. Rb2 Rb4 52. Kd3 Kc6 53.
Kc3 Kb5 54. Nd6+ Kc6 55. Nc4 1/2-1/2

[Event "24. Acropolis 2009"]
[Site "Chalkida GRE"]
[Date "2009.08.14"]
[Round "5.18"]
[White "Peptan, Corina-Isabela"]
[Black "Dembo, Yelena"]
[Result "1/2-1/2"]
[WhiteElo "2392"]
[BlackElo "2466"]
[PlyCount "43"]
[EventDate "2009.08.10"]
[EventType "swiss"]
[EventRounds "9"]
[EventCountry "GRE"]
[Source "lmi"]
[SourceDate "2009.08.10"]

1. e4 c5 2. Nf3 Nc6 3. d4 cxd4 4. Nxd4 Nf6 5. Nc3 d6 6. Bg5 e6 7. Qd2 a6 8.
O-O-O Bd7 9. f3 h6 10. Be3 b5 11. Nxc6 Bxc6 12. Bd3 Qc7 13. Kb1 Nd7 14. Rhe1
Be7 15. f4 Nc5 16. a3 Qb7 17. f5 b4 18. axb4 Qxb4 19. Bxc5 dxc5 20. Na2 Qxd2
21. Rxd2 Bg5 22. Rf2 1/2-1/2

[Event "24. Acropolis 2009"]
[Site "Chalkida GRE"]
[Date "2009.08.14"]
[Round "5.19"]
[White "Zygouris, Hristos"]
[Black "Georgiev, Vladimir"]
[Result "1/2-1/2"]
[WhiteElo "2212"]
[BlackElo "2530"]
[PlyCount "231"]
[EventDate "2009.08.10"]
[EventType "swiss"]
[EventRounds "9"]
[EventCountry "GRE"]
[Source "lmi"]
[SourceDate "2009.08.10"]

1. e4 e5 2. Nf3 Nc6 3. d4 exd4 4. Nxd4 Bc5 5. Nxc6 bxc6 6. Nc3 Ne7 7. Qh5 Bd4
8. Bd3 Ng6 9. Ne2 Bf6 10. f4 d6 11. O-O O-O 12. g4 h6 13. Ng3 Bd4+ 14. Kh1 Qh4
15. Qxh4 Nxh4 16. c3 Bf6 17. h3 a5 18. Be3 c5 19. Kh2 Ba6 20. Bxa6 Rxa6 21. Rf2
Re8 22. Rd1 a4 23. a3 Raa8 24. Bc1 Ng6 25. Re2 Nf8 26. Nf5 Kh7 27. h4 g6 28.
Nxh6 Kxh6 29. g5+ Kh7 30. gxf6 Nd7 31. e5 Nxf6 32. Rde1 Ng4+ 33. Kh3 Nh6 34. e6
Kg7 35. exf7 Rxe2 36. Rxe2 Kxf7 37. h5 gxh5 38. Kh4 Rg8 39. Kxh5 Nf5 40. Re1 c4
41. Be3 c5 42. Bxc5 dxc5 43. Re5 Kf6 44. Rxc5 Rg2 45. Rc6+ Ke7 46. Rxc4 Rxb2
47. Rxa4 Rg2 48. Ra6 Kf7 49. c4 Ng7+ 50. Kh4 Ne6 51. f5 Nd4 52. Kh3 Rg8 53. Rg6
Rc8 54. Kg2 Rxc4 55. Ra6 Nxf5 56. Kf3 Ke7 57. Ke2 Rc3 58. Kd2 Rh3 59. Kc2 Nd6
60. a4 Ke6 61. Ra8 Kd5 62. Rg8 Kc5 63. Rg5+ Kb4 64. a5 Rc3+ 65. Kd1 Ra3 66. Ke2
Nc4 67. Kf2 Nxa5 68. Rg8 Nc6 69. Ke2 Kc4 70. Kd2 Rd3+ 71. Ke2 Nd4+ 72. Kf2 Rf3+
73. Kg2 Rf7 74. Ra8 Kd3 75. Re8 Nf5 76. Ra8 Ke4 77. Re8+ Kf4 78. Ra8 Nd6 79.
Kf2 Re7 80. Rf8+ Nf5 81. Ra8 Re4 82. Rh8 Rd4 83. Ke2 Ng3+ 84. Kf2 Rd2+ 85. Ke1
Ra2 86. Kd1 Ke3 87. Kc1 Ne4 88. Rh3+ Kd4 89. Rh8 Nc5 90. Kd1 Rf2 91. Rd8+ Ke3
92. Re8+ Ne4 93. Kc1 Rh2 94. Kd1 Kd4 95. Rd8+ Kc4 96. Rc8+ Nc5 97. Ke1 Ra2 98.
Kd1 Kd4 99. Rd8+ Ke3 100. Re8+ Ne4 101. Kc1 Ra6 102. Kc2 Rc6+ 103. Kb3 Kd4 104.
Rd8+ Nd6 105. Rh8 Rc3+ 106. Kb4 Rc6 107. Rh4+ Ne4 108. Kb5 Re6 109. Kb4 Rb6+
110. Ka5 Rb1 111. Ka6 Kd5 112. Rh5+ Kc6 113. Rh6+ Nd6 114. Ka5 Rb8 115. Ka4 Kc5
116. Rh5+ 1/2-1/2

[Event "24. Acropolis 2009"]
[Site "Chalkida GRE"]
[Date "2009.08.14"]
[Round "5.20"]
[White "Nikolaidis, Ioannis"]
[Black "Cherednichenko, Svetlana"]
[Result "1/2-1/2"]
[WhiteElo "2529"]
[BlackElo "2347"]
[PlyCount "125"]
[EventDate "2009.08.10"]
[EventType "swiss"]
[EventRounds "9"]
[EventCountry "GRE"]
[Source "lmi"]
[SourceDate "2009.08.10"]

1. d4 Nf6 2. c4 g6 3. Nc3 Bg7 4. e4 d6 5. Bg5 O-O 6. Qd2 c5 7. d5 e6 8. Nf3
exd5 9. exd5 Bg4 10. Be2 Bxf3 11. Bxf3 Re8+ 12. Be2 Nbd7 13. O-O Qa5 14. Rfe1
a6 15. Qc2 Re7 16. Bf1 Rae8 17. Rxe7 Rxe7 18. Bd2 Qd8 19. Re1 Rxe1 20. Bxe1 Qe7
21. Qe2 Kf8 22. Qxe7+ Kxe7 23. Bd2 Kd8 24. Be2 h5 25. g3 Ne5 26. a4 b6 27. a5
bxa5 28. Na4 Ned7 29. Bxa5+ Ke7 30. Kg2 Ne8 31. h3 Bd4 32. Bd2 Nef6 33. Nc3 Nb6
34. b3 Nbd7 35. Bd3 Ne8 36. Bc2 Ng7 37. Ne2 Bb2 38. f3 Ne8 39. g4 Ng7 40. Ng3
hxg4 41. fxg4 Ne5 42. Bf4 Ne8 43. Nf1 Bc3 44. Nh2 Be1 45. Kf1 Bh4 46. Ke2 Nf6
47. Nf3 Nxf3 48. Kxf3 Nd7 49. g5 Be1 50. Kg4 Ne5+ 51. Bxe5 dxe5 52. h4 Bd2 53.
h5 gxh5+ 54. Kxh5 a5 55. Kg4 Bc1 56. Kf5 Bb2 57. Be4 Bc3 58. d6+ Kxd6 59. Kf6
Bd2 60. Bd5 Bc1 61. Bxf7 e4 62. Bh5 Bb2+ 63. Kf5 1/2-1/2

[Event "24. Acropolis 2009"]
[Site "Chalkida GRE"]
[Date "2009.08.14"]
[Round "5.21"]
[White "Danielian, Elina"]
[Black "Burtasova, Anna"]
[Result "1-0"]
[WhiteElo "2502"]
[BlackElo "2325"]
[PlyCount "91"]
[EventDate "2009.08.10"]
[EventType "swiss"]
[EventRounds "9"]
[EventCountry "GRE"]
[Source "lmi"]
[SourceDate "2009.08.10"]

1. d4 Nf6 2. Nf3 c5 3. d5 b5 4. Bg5 d6 5. e4 Nxe4 6. Bxb5+ Bd7 7. Bd3 Nxg5 8.
Nxg5 e5 9. dxe6 Qxg5 10. exd7+ Nxd7 11. O-O Be7 12. Bb5 Rd8 13. f4 Qh4 14. g3
Qh3 15. Re1 Kf8 16. Nc3 h5 17. Qe2 Bf6 18. Nd5 g6 19. Bxd7 Bd4+ 20. Kh1 Qxd7
21. c3 Bg7 22. Qe7+ Kg8 23. Kg2 Kh7 24. Qxd7 Rxd7 25. Re2 Rb8 26. Rd1 Rdb7 27.
Rdd2 Bf8 28. Kf3 Kg7 29. Ne3 Rd8 30. Rd5 Re7 31. Red2 Red7 32. Nc4 f5 33. h3
Kf6 34. Ne3 Ke6 35. g4 hxg4+ 36. hxg4 fxg4+ 37. Nxg4 Bg7 38. Ne3 Rh8 39. Rg5
Rh3+ 40. Ke4 Kf7 41. Nc4 Re7+ 42. Kd5 Bh6 43. Nxd6+ Kf6 44. Rg4 Rf3 45. Rdg2
Rd3+ 46. Kc4 1-0

[Event "24. Acropolis 2009"]
[Site "Chalkida GRE"]
[Date "2009.08.14"]
[Round "5.22"]
[White "Managadze, Nikoloz"]
[Black "Mamedjarova, Turkan"]
[Result "1-0"]
[WhiteElo "2459"]
[BlackElo "2260"]
[PlyCount "77"]
[EventDate "2009.08.10"]
[EventType "swiss"]
[EventRounds "9"]
[EventCountry "GRE"]
[Source "lmi"]
[SourceDate "2009.08.10"]

1. Nf3 Nf6 2. c4 e6 3. b3 d5 4. Bb2 Be7 5. e3 O-O 6. Be2 b6 7. O-O Bb7 8. d3 c5
9. Nbd2 Nc6 10. a3 Qc7 11. Rc1 Rad8 12. Rc2 d4 13. exd4 Nxd4 14. Nxd4 cxd4 15.
b4 e5 16. Bf3 Nd7 17. Bxb7 Qxb7 18. f4 exf4 19. Bxd4 Nc5 20. Nf3 Ne6 21. Bb2 b5
22. Rd2 bxc4 23. dxc4 Qe4 24. Qe2 Qe3+ 25. Qxe3 fxe3 26. Re2 a5 27. Bc3 Rd3 28.
Rc1 Nf4 29. Ree1 f6 30. g3 Nh3+ 31. Kg2 Nf2 32. c5 Ne4 33. Bd4 Rxa3 34. b5 Ra2+
35. Kg1 e2 36. b6 Nd2 37. Nxd2 Rxd2 38. Be3 Rb2 39. Kf2 1-0

[Event "24. Acropolis 2009"]
[Site "Chalkida GRE"]
[Date "2009.08.14"]
[Round "5.23"]
[White "Mamedjarova, Zeinab"]
[Black "Can, Emre"]
[Result "1/2-1/2"]
[WhiteElo "2325"]
[BlackElo "2455"]
[PlyCount "164"]
[EventDate "2009.08.10"]
[EventType "swiss"]
[EventRounds "9"]
[EventCountry "GRE"]
[Source "lmi"]
[SourceDate "2009.08.10"]

1. d4 Nf6 2. Nf3 g6 3. Bf4 d6 4. h3 Bg7 5. e3 O-O 6. Be2 c5 7. O-O Nbd7 8. c3
b6 9. Nbd2 Bb7 10. a4 a6 11. Bc4 Qc7 12. Qe2 h6 13. Rfc1 Rfe8 14. Bg3 e5 15.
dxe5 dxe5 16. Rd1 Nf8 17. Bb3 Kh8 18. Bh2 N8h7 19. Nc4 Ne4 20. a5 b5 21. Nb6
Rad8 22. Bd5 Bxd5 23. Nxd5 Qb7 24. c4 f5 25. b3 Nf8 26. Qc2 Nd7 27. Nh4 Kh7 28.
Rd3 Ndf6 29. Rad1 Nxd5 30. Rxd5 Rxd5 31. Rxd5 Qc7 32. g4 Nf6 33. Rd1 Qc8 34.
gxf5 g5 35. Ng2 e4 36. cxb5 axb5 37. Rc1 Bf8 38. Qe2 b4 39. a6 Qxf5 40. a7 Qd5
41. Bb8 Qa8 42. Qb5 Rc8 43. Ra1 Bg7 44. Ra6 Kg6 45. Rb6 Rd8 46. Rb7 Bf8 47. Kh2
Kf5 48. Bg3 Rd1 49. Qb6 Rd7 50. Rb8 Qxa7 51. Qxa7 Rxa7 52. Rxf8 Ke6 53. Rc8 Kd5
54. Rd8+ Nd7 55. h4 c4 56. bxc4+ Kxc4 57. Rc8+ Kd3 58. hxg5 hxg5 59. Ne1+ Kd2
60. Rc4 b3 61. Rb4 Kxe1 62. Rxb3 Nc5 63. Rb1+ Ke2 64. Kg2 Nd3 65. Rb5 g4 66.
Rb1 Ra5 67. Bh2 Ra7 68. Bg3 Ra2 69. Rh1 Ne1+ 70. Rxe1+ Kxe1 71. Bh4 Rc2 72. Bg3
Ke2 73. Bh4 Rc7 74. Bg3 Rh7 75. Bf4 Rh3 76. Bg3 Kd3 77. Bf4 Kc4 78. Bg3 Kd5 79.
Bf4 Rf3 80. Bg3 Ke6 81. Kh2 Kf5 82. Kg2 Kg5 1/2-1/2

[Event "24. Acropolis 2009"]
[Site "Chalkida GRE"]
[Date "2009.08.14"]
[Round "5.24"]
[White "Yilmaz, Mustafa Enes"]
[Black "Parginos, Vassilios"]
[Result "1-0"]
[WhiteElo "2432"]
[BlackElo "2196"]
[PlyCount "57"]
[EventDate "2009.08.10"]
[EventType "swiss"]
[EventRounds "9"]
[EventCountry "GRE"]
[Source "lmi"]
[SourceDate "2009.08.10"]

1. e4 c6 2. c4 d5 3. cxd5 cxd5 4. exd5 Nf6 5. Qa4+ Bd7 6. Qb3 Na6 7. d4 Qb6 8.
Bc4 Rc8 9. Nc3 Nb4 10. Be2 a5 11. Nf3 e6 12. dxe6 Bxe6 13. Qa4+ Bd7 14. Qd1 Bd6
15. O-O O-O 16. Ne5 Bf5 17. Nc4 Rxc4 18. Bxc4 Qc7 19. Be2 Bxh2+ 20. Kh1 Nc2 21.
Rb1 Nb4 22. Bg5 Bxb1 23. Qxb1 Bf4 24. Bxf6 gxf6 25. a3 Nc6 26. Nd5 Qd6 27. Qf5
Nxd4 28. Nxf6+ Kg7 29. Nh5+ 1-0

[Event "24. Acropolis 2009"]
[Site "Chalkida GRE"]
[Date "2009.08.14"]
[Round "5.25"]
[White "Firat, Burak"]
[Black "Lomineishvili, Maia"]
[Result "1-0"]
[WhiteElo "2310"]
[BlackElo "2427"]
[PlyCount "129"]
[EventDate "2009.08.10"]
[EventType "swiss"]
[EventRounds "9"]
[EventCountry "GRE"]
[Source "lmi"]
[SourceDate "2009.08.10"]

1. e4 d5 2. exd5 Qxd5 3. Nc3 Qa5 4. d4 c6 5. Bc4 Nf6 6. Nf3 Bf5 7. Bd2 e6 8.
Ne4 Qc7 9. Ng3 Bg6 10. h4 Nh5 11. Ne5 Nxg3 12. fxg3 Nd7 13. Qe2 Nxe5 14. dxe5
h5 15. O-O-O Bf5 16. Qe3 g6 17. Rhe1 Qb6 18. Qxb6 axb6 19. Kb1 b5 20. Be2 Bc5
21. Bg5 Be7 22. Rd4 Bxg5 23. hxg5 Rd8 24. Red1 Rxd4 25. Rxd4 Ke7 26. Bf3 Ra8
27. b3 Ra6 28. Kb2 Rb6 29. a3 Ra6 30. Rd6 Ra8 31. Rd4 Ra5 32. b4 Ra4 33. c3 Ra8
34. Rd2 Rc8 35. Rd6 Bg4 36. Rd4 c5 37. Rd6 cxb4 38. cxb4 Bxf3 39. gxf3 Rd8 40.
Rb6 Rd5 41. Rxb7+ Ke8 42. f4 Rd2+ 43. Kc3 Rg2 44. Rxb5 Rxg3+ 45. Kb2 h4 46.
Rb8+ Kd7 47. Rb7+ Kc6 48. Rxf7 h3 49. Rh7 Kb5 50. Rh4 Rg2+ 51. Kc3 Rg3+ 52. Kd4
Rxa3 53. Rh6 Rg3 54. Ke4 Rg1 55. Rxh3 Kxb4 56. Rh6 Re1+ 57. Kf3 Rf1+ 58. Kg3
Kc4 59. Rxg6 Kd5 60. Rf6 Ke4 61. g6 Rg1+ 62. Kh4 Rh1+ 63. Kg5 Kd5 64. g7 Rh2
65. Rg6 1-0

[Event "24. Acropolis 2009"]
[Site "Chalkida GRE"]
[Date "2009.08.14"]
[Round "5.26"]
[White "Botsari, Anna Maria"]
[Black "Ris, Robert"]
[Result "1/2-1/2"]
[WhiteElo "2298"]
[BlackElo "2421"]
[PlyCount "26"]
[EventDate "2009.08.10"]
[EventType "swiss"]
[EventRounds "9"]
[EventCountry "GRE"]
[Source "lmi"]
[SourceDate "2009.08.10"]

1. d4 Nf6 2. c4 c6 3. Nf3 d5 4. e3 Bg4 5. Nbd2 Nbd7 6. Be2 e6 7. O-O Bd6 8. h3
Bh5 9. b3 Qe7 10. Bb2 Ba3 11. Bc3 Bb4 12. Bb2 Ba3 13. Bc3 Bb4 1/2-1/2

[Event "24. Acropolis 2009"]
[Site "Chalkida GRE"]
[Date "2009.08.14"]
[Round "5.27"]
[White "Khurtsilava, Inga"]
[Black "Zawadzka, Jolanta"]
[Result "0-1"]
[WhiteElo "2261"]
[BlackElo "2387"]
[PlyCount "98"]
[EventDate "2009.08.10"]
[EventType "swiss"]
[EventRounds "9"]
[EventCountry "GRE"]
[Source "lmi"]
[SourceDate "2009.08.10"]

1. d4 Nf6 2. Nf3 g6 3. c4 Bg7 4. Nc3 d6 5. e4 O-O 6. Be2 e5 7. O-O Nc6 8. d5
Ne7 9. Be3 h6 10. Ne1 Nd7 11. Nd3 f5 12. f3 g5 13. c5 Nf6 14. cxd6 cxd6 15. Qb3
Rf7 16. Rac1 Ng6 17. Qc4 a6 18. Qb4 f4 19. Bb6 Qe7 20. Na4 Ne8 21. Bf2 Qd8 22.
Nb6 Rb8 23. Rc2 Bf6 24. Rfc1 Bd7 25. a4 h5 26. Ne1 Nf8 27. a5 Rg7 28. Nc4 Bb5
29. Nb6 Bxe2 30. Rxe2 g4 31. Kf1 Bh4 32. Bg1 Qg5 33. Qb3 Ng6 34. Rec2 Bxe1 35.
Rxe1 Nh4 36. fxg4 hxg4 37. Rec1 Kh7 38. Rc8 Rxc8 39. Rxc8 Nf6 40. Qc2 g3 41.
Rc7 gxh2 42. Rxg7+ Kxg7 43. Bxh2 Qg6 44. Qf2 Qg4 45. Nc4 Nxe4 46. Qe2 f3 47.
gxf3 Nxf3 48. b3 Kf6 49. Qg2 Nfd2+ 0-1

[Event "24. Acropolis 2009"]
[Site "Chalkida GRE"]
[Date "2009.08.14"]
[Round "5.28"]
[White "Charkhalashvili, Inga"]
[Black "Petraki, Maria"]
[Result "1/2-1/2"]
[WhiteElo "2357"]
[BlackElo "2030"]
[PlyCount "81"]
[EventDate "2009.08.10"]
[EventType "swiss"]
[EventRounds "9"]
[EventCountry "GRE"]
[Source "lmi"]
[SourceDate "2009.08.10"]

1. d4 Nf6 2. Nf3 e6 3. c4 b6 4. g3 Ba6 5. b3 Bb7 6. Bg2 Bb4+ 7. Bd2 c5 8. O-O
O-O 9. Qc2 d5 10. cxd5 Bxd5 11. dxc5 Bxc5 12. Nc3 Bb7 13. Bg5 Nbd7 14. Rad1 Qc8
15. Qb2 h6 16. Bf4 Nd5 17. Nxd5 Bxd5 18. Rc1 Qe8 19. b4 Be7 20. Rfe1 Nf6 21.
Be5 Rc8 22. b5 Qd7 23. Rcd1 Qb7 24. Nh4 Bxg2 25. Nxg2 Rfd8 26. Nf4 Qe4 27. Rd3
Ng4 28. Bc3 Bc5 29. Rf1 f6 30. Qb3 Kf7 31. Rf3 g5 32. Nd3 f5 33. Nxc5 Rxc5 34.
Qb2 f4 35. h3 Ne5 36. Bxe5 Rxe5 37. gxf4 gxf4 38. Qc1 Rg8+ 39. Kh2 Rf5 40. Qc7+
Kf6 41. Qc3+ 1/2-1/2

[Event "24. Acropolis 2009"]
[Site "Chalkida GRE"]
[Date "2009.08.14"]
[Round "5.29"]
[White "Ozturk, Kubra"]
[Black "Asik, Josip"]
[Result "1/2-1/2"]
[WhiteElo "2256"]
[BlackElo "2356"]
[PlyCount "69"]
[EventDate "2009.08.10"]
[EventType "swiss"]
[EventRounds "9"]
[EventCountry "GRE"]
[Source "lmi"]
[SourceDate "2009.08.10"]

1. d4 e6 2. c4 Nf6 3. Nf3 b6 4. g3 Bb7 5. Bg2 Be7 6. O-O O-O 7. Nc3 Ne4 8. Qc2
Nxc3 9. Qxc3 f5 10. b3 Bf6 11. Bb2 Nc6 12. Qd2 Ne7 13. Rac1 Qe8 14. b4 Qh5 15.
Ne5 Bxg2 16. Kxg2 f4 17. Qd3 Bxe5 18. dxe5 Rad8 19. Rcd1 Ng6 20. Qe4 Rf5 21. c5
bxc5 22. bxc5 Ne7 23. Rd3 c6 24. Ra3 Rb8 25. Rb3 Rxb3 26. axb3 Nd5 27. Bd4 g5
28. f3 fxg3 29. hxg3 Qe8 30. Qd3 Qg6 31. e4 Rf7 32. Rd1 Nc7 33. Be3 Qh5 34. g4
Qg6 35. Rh1 1/2-1/2